[Event "Helsingor Xtracon op"]
[Site "Helsingor"]
[Date "2017.07.22"]
[Round "1"]
[White "Kristensen, Thomas Overgaard"]
[Black "Molvig, Henrik"]
[Result "0-1"]
[WhiteElo "1610"]
[BlackElo "2090"]
[PlyCount "56"]
[EventDate "2017.07.22"]
[EventType "swiss"]
[EventRounds "10"]
[EventCountry "DEN"]
[SourceTitle "CBM 179 Extra"]
[Source "ChessBase"]
[SourceDate "2017.08.23"]
[SourceVersion "1"]
[SourceVersionDate "2017.08.23"]
[SourceQuality "1"]

1. d4 Nf6 2. c4 g6 3. Nc3 Bg7 4. e4 d6 5. Nge2 0-0 6. Ng3 c5 7. d5 h5 8. h4 a6 9. a4 e5 10. Be2 Nbd7 11. Bg5 Qe8 12. Qd2 Nh7 13. Bh6 Ndf6 14. Bxg7 Kxg7 15. 0-0 Qe7 16. f4 Bg4 17. fxe5 Qxe5 18. Rf4 Rae8 19. Bxg4 Nxg4 20. Raf1 Qe7 21. Rf5 Kh8 22. Rxh5 gxh5 23. Nf5 Qe5 24. Rf4 Rg8 25. Ne2 Rg6 26. g3 Nhf6 27. Kg2 Nxe4 28. Rxe4 Qxe4+ 0-1

[Event "DEN-ch G5-2A"]
[Site "Skorping"]
[Date "2017.04.13"]
[Round "1"]
[White "Molvig, Henrik"]
[Black "Raahauge, Lars"]
[Result "1-0"]
[WhiteElo "2095"]
[BlackElo "1863"]
[PlyCount "113"]
[EventDate "2017.04.13"]
[EventType "swiss"]
[EventRounds "5"]
[EventCountry "DEN"]
[SourceTitle "EXT 2018"]
[Source "ChessBase"]
[SourceDate "2017.10.13"]
[SourceVersion "1"]
[SourceVersionDate "2017.10.13"]
[SourceQuality "1"]

1. d4 Nf6 2. c4 e5 3. dxe5 Ng4 4. Nh3 Nxe5 5. e3 Bb4+ 6. Bd2 Bxd2+ 7. Qxd2 d6 8. Nf4 Nbd7 9. Nc3 Nf6 10. Be2 Bf5 11. Nfd5 Ne4 12. Nxe4 Bxe4 13. 0-0 Bxd5 14. Qxd5 b6 15. b4 0-0 16. c5 bxc5 17. bxc5 Qe7 18. cxd6 Qxd6 19. Qxd6 cxd6 20. Rfd1 Rfd8 21. Rac1 Rac8 22. Rxc8 Rxc8 23. Rxd6 g6 24. f4 Nc4 25. Bxc4 Rxc4 26. Ra6 Rc7 27. Kf2 f5 28. Kf3 Kg7 29. g4 Re7 30. h3 Kf7 31. a4 Kg7 32. a5 Kf7 33. Rc6 Rd7 34. Kg3 Re7 35. Kf3 Rd7 36. Kg3 Re7 37. Rc3 Ke6 38. Kf3 Kd5 39. Rc8 Kd6 40. Rf8 Ke6 41. gxf5+ gxf5 42. Rb8 Rc7 43. Rb5 Kf6 44. Re5 Rg7 45. Rc5 Rd7 46. Rc6+ Kf7 47. h4 Kg7 48. Ke2 Kf7 49. Rc4 Kg6 50. Rd4 Rc7 51. Rd5 Kf6 52. Kd3 Re7 53. h5 Rc7 54. Kd4 Re7 55. Rd6+ Kf7 56. a6 Rc7 57. Ke5 1-0

[Event "Koge Xtracon op"]
[Site "Koge"]
[Date "2015.10.17"]
[Round "8"]
[White "Molvig, Henrik"]
[Black "Hoi, Carsten"]
[Result "0-1"]
[WhiteElo "2125"]
[BlackElo "2377"]
[PlyCount "62"]
[EventDate "2015.10.12"]
[EventType "swiss"]
[EventRounds "9"]
[EventCountry "DEN"]
[SourceTitle "CBM 168 Extra"]
[Source "ChessBase"]
[SourceDate "2015.10.29"]
[SourceVersion "1"]
[SourceVersionDate "2015.10.29"]
[SourceQuality "1"]

1. d4 d5 2. c4 dxc4 3. e4 Nc6 4. d5 Ne5 5. Nc3 Nf6 6. Bf4 Ng6 7. Bg3 e5 8. Bxc4 a6 9. Nf3 Bc5 10. b4 Ba7 11. 0-0 Qe7 12. Qb3 0-0 13. Nh4 Nxh4 14. Bxh4 h6 15. Bxf6 Qxf6 16. Bd3 Qg5 17. Kh1 h5 18. Ne2 Bd7 19. Rac1 Bb6 20. a4 a5 21. bxa5 Bxa5 22. Bb5 Bc8 23. Rc2 h4 24. Ng1 Qe7 25. Be2 Qd6 26. Qc4 Bb6 27. h3 Bd7 28. Ra2 Ra5 29. Nf3 Qf6 30. Nh2 Rfa8 31. Bd1 Bb5 0-1

[Event "Koge Xtracon op"]
[Site "Koge"]
[Date "2015.10.13"]
[Round "2"]
[White "Molvig, Henrik"]
[Black "Antonsen, Mikkel"]
[Result "0-1"]
[WhiteElo "2125"]
[BlackElo "2459"]
[PlyCount "86"]
[EventDate "2015.10.12"]
[EventType "swiss"]
[EventRounds "9"]
[EventCountry "DEN"]
[SourceTitle "CBM 168 Extra"]
[Source "ChessBase"]
[SourceDate "2015.10.29"]
[SourceVersion "1"]
[SourceVersionDate "2015.10.29"]
[SourceQuality "1"]

1. d4 d5 2. c4 e6 3. Nc3 a6 4. cxd5 exd5 5. Nf3 c6 6. Bf4 Bd6 7. Bxd6 Qxd6 8. e3 Nf6 9. Qc2 Nbd7 10. Bd3 0-0 11. 0-0 Re8 12. h3 Nf8 13. Na4 Ne4 14. Nb6 Rb8 15. Nxc8 Rbxc8 16. Bxe4 dxe4 17. Nd2 c5 18. dxc5 Rxc5 19. Nxe4 Rxc2 20. Nxd6 Re6 21. Nxb7 Rb6 22. Na5 Rbxb2 23. Nb3 Rxa2 24. Rxa2 Rxa2 25. Rc1 g6 26. Nd4 a5 27. Rc7 a4 28. Ra7 h6 29. g3 Nh7 30. Nb5 Ng5 31. Nc3 Rc2 32. h4 Nh3+ 33. Kg2 Nxf2 34. Nxa4 Ng4+ 35. Kh1 Nxe3 36. Nb6 Rc1+ 37. Kh2 Ng4+ 38. Kg2 Rc2+ 39. Kg1 Rc3 40. Kg2 Nf6 41. Re7 Nh5 42. Nd5 Rxg3+ 43. Kf2 Rg4 0-1

[Event "Politiken Cup 37th"]
[Site "Helsingor"]
[Date "2015.07.28"]
[Round "5"]
[White "Petersson, Baldur Teodor"]
[Black "Molvig, Henrik"]
[Result "1/2-1/2"]
[WhiteElo "1988"]
[BlackElo "2157"]
[PlyCount "20"]
[EventDate "2015.07.25"]
[EventType "swiss"]
[EventRounds "10"]
[EventCountry "DEN"]
[SourceTitle "CBM 167 Extra"]
[Source "ChessBase"]
[SourceDate "2015.09.14"]
[SourceVersion "1"]
[SourceVersionDate "2015.09.14"]
[SourceQuality "1"]

1. e4 c5 2. Nc3 d6 3. g3 Nc6 4. Bg2 g6 5. d3 Bg7 6. f4 e6 7. Nf3 Nge7 8. 0-0 0-0 9. Be3 b6 10. Qd2 Bb7 1/2-1/2

[Event "Borup Skovbo op"]
[Site "Borup"]
[Date "2014.09.13"]
[Round "7"]
[White "Henriksen, Kasper"]
[Black "Molvig, Henrik"]
[Result "1/2-1/2"]
[WhiteElo "1979"]
[BlackElo "2152"]
[PlyCount "63"]
[EventDate "2014.09.05"]
[EventType "swiss"]
[EventRounds "9"]
[EventCountry "DEN"]
[SourceTitle "CBM 162 Extra"]
[Source "ChessBase"]
[SourceDate "2014.10.17"]
[SourceVersion "1"]
[SourceVersionDate "2014.10.17"]
[SourceQuality "1"]

1. d4 Nf6 2. c4 g6 3. Nc3 Bg7 4. e4 d6 5. f3 0-0 6. Be3 c5 7. Nge2 cxd4 8. Nxd4 Nc6 9. Qd2 Bd7 10. Be2 Nxd4 11. Bxd4 a5 12. 0-0 Bc6 13. Nd5 Nd7 14. Bxg7 Kxg7 15. Qd4+ Kg8 16. f4 Bxd5 17. exd5 Qb6 18. Rad1 Rfc8 19. Rfe1 Kf8 20. Bf1 Rc7 21. Re3 Qxd4 22. Rxd4 Rac8 23. Ra3 Rc5 24. Kf2 Nb6 25. Ke3 R8c7 26. g3 Ke8 27. Rb3 Nd7 28. Bh3 Rxc4 29. Rxc4 Rxc4 30. Rxb7 f5 31. Bf1 Re4+ 32. Kf3 1/2-1/2